Statistics for Golden State Warriors 40 Points Games

Click here to take the quiz!

General Stats

  • This quiz has been taken 45 times
    (28 since last reset)
  • The average score is 13 of 37

Answer Stats

Player Max Nb % Correct
Stephen Curry5438
100%
Wilt Chamberlain100235
96%
Klay Thompson6013
96%
Kevin Durant519
96%
Rick Barry6470
71%
Chris Mullin477
71%
Baron Davis402
64%
Tim Hardaway434
61%
Monta Ellis489
57%
Jason Richardson446
57%
Mitch Richmond473
54%
Stephen Jackson411
46%
Nate Thurmond434
46%
Latrell Sprewell469
46%
Paul Arizin496
39%
Mickey Johnson401
36%
Phil Smith514
32%
Joe Barry Carroll524
29%
Neil Johnston505
29%
D'Angelo Russell521
21%
Cazzie Russell495
21%
Antawn Jamison516
21%
Jeff Mullins434
21%
Sleepy Floyd411
18%
Bernard King504
18%
Jamal Crawford502
11%
Guy Rodgers472
11%
Larry Hughes442
11%
Gilbert Arenas411
11%
Jordan Crawford411
11%
Purvis Short5918
11%
Joe Fulks633
7%
Rod Higgins411
7%
Terry Teagle441
4%
Rudy LaRusso401
4%
Woody Sauldsberry411
0%
C.J. Watson401
0%

Score Distribution

Percentile by Number Answered

Percent of People with Each Score

Your Score History

You have not taken this quiz since the last reset